000 00530nam a2200193Ia 4500
005 20250326144833.0
008 250326s9999 xx 000 0 und d
020 _a0 19 565507 9
037 _aTextbook
040 _aFMSL
_beng
_cFMSL
041 _aeng
_2eng
084 _aX:74 P4
_qFMSL
100 _aSengupta D N
_9346512
245 0 _aEconomics of business policy
_cSengupta D N; Sen A
260 _aNew Delhi
_bNew Delhi, Oxford
_c2004
300 _a368p
942 _cTB
_hX:74 P4
999 _c1305254
_d1305254